Times por Escudo - Liga Portugal 24/25 - Statistics

Estatísticas Gerais
  • Esse quiz foi jogado 222 vezes
  • A pontuação média é 15 de 18
Estatísticas das Respostas
Imagem Resposta % Correto
Sporting
98%
Benfica
97%
Porto
97%
Braga
95%
Vitória SC
93%
Estoril Praia
90%
Rio Ave
88%
Boavista
87%
Famalicão
84%
Estrela Amadora
83%
Moreirense
83%
Arouca
82%
Gil Vicente
79%
Santa Clara
78%
Casa Pia
77%
Nacional
74%
Farense
70%
AVS
67%
Nenhum quiz correspondente encontrado
Distribuição das Pontuações
Porcentagem de Pessoas com Cada Pontuação
Percentil de Números Respondidos
Sua Pontuação Histórica
Você não jogou esse quiz